[Event "DUTCH TOURNOI Pour Mon Pote!"]
[Site "SchemingMind.com"]
[Date "2006.09.03"]
[Round "-"]
[White "janeck"]
[Black "sythymesnos"]
[Result "1-0"]
[WhiteCountry "FRA"]
[BlackCountry "FRA"]
[WhiteElo "1662"]
[WhiteRD "72"]
[BlackElo "1715"]
[BlackRD "70"]
[GameID "66597"]

1. d4 f5 2. c4 Nf6 3. Nc3 e6 4. Qc2 Be7 5. e4 fxe4 6. Nxe4 O-O 7. Nf3 b6 8. Bd3 Bb7 9. Nxf6+ Bxf6 10. Bxh7+ Kh8
11. Be4 Bxe4 12. Qxe4 Nc6 13. O-O a5 14. Bd2 Qe7 15. Rfe1 Rae8 16. Ne5 Nxe5 17. dxe5 Bg5 18. Bxg5 Qxg5 19. Rad1 Rf7 20. Re3 Kg8
21. Rh3 Rf5 22. Rg3 Qh5 23. Qg4 Qxg4 24. Rxg4 Rxe5 25. f4 Re2 26. Rxd7 Rxb2 27. Rgxg7+ Kh8 28. Rxc7 Rxa2 29. Rh7+ Kg8 30. Rcg7+ Kf8
31. Rb7 Kg8 32. Rhd7 Rb2 33. Ra7 Ra2 34. Rdb7 Rd8 35. h3 Rb2 36. c5 Rc2 37. cxb6 Rd1+ 38. Kh2 Rc8 39. Rxa5 Kh8 40. Re7 Re1
41. b7 Rd8 42. Ra8 Rd1 43. b8=Q
1-0

[Event "DUTCH TOURNOI Pour Mon Pote!"]
[Site "SchemingMind.com"]
[Date "2006.09.04"]
[Round "-"]
[White "sythymesnos"]
[Black "janeck"]
[Result "0-1"]
[WhiteCountry "FRA"]
[BlackCountry "FRA"]
[WhiteElo "1715"]
[WhiteRD "70"]
[BlackElo "1662"]
[BlackRD "72"]
[GameID "66598"]

1. d4 f5 2. Bg5 Nf6 3. Nc3 e6 4. e4 fxe4 5. Nxe4 d5 6. Nxf6+ gxf6 7. Qh5+ Kd7 8. Qf7+ Be7 9. Bxf6 Rf8 10. Qxe7+ Qxe7
11. Bxe7 Kxe7 12. Nf3 Nc6 13. c3 h6 14. Bd3 Na5 15. Ne5 Rf6 16. f3 Bd7 17. O-O-O Nc6 18. Rde1 Nxe5 19. Rxe5 Rg8 20. g4 Rxf3
21. Be2 Rf2 22. Kd1 b6 23. Ke1 Rf4 24. h3 a5 25. Kd2 Rf2 26. Ke3 Rf6 27. Bf3 c6 28. Rh2 Kd6 29. a3 c5 30. Rd2 c4
31. Bd1 Rgf8 32. Bc2 Rf3+ 33. Ke2 Rxh3 34. Bg6 Rhf3 35. Kd1 Rf1+ 36. Kc2 Ba4+ 37. b3 Bxb3+ 38. Kb2 Rg1 39. Bh5 Rff1 40. Bg6 Rxg4
41. Bh7 Rgf4 42. Rde2 Rf6 43. Bg8 Rg1 44. Bxe6 Bd1 45. R2e3 Rf2+ 46. Kc1 Be2+ 47. Kd2 Rd1+ 48. Kc2 Bf3+ 49. Re2 Bxe2 50. Rxe2 Rxe2+
51. Kxd1 Rxe6 52. a4 h5 53. Kc2 h4 54. Kb2 h3 55. Ka3 h2
0-1

[Event "DUTCH TOURNOI Pour Mon Pote!"]
[Site "SchemingMind.com"]
[Date "2006.09.18"]
[Round "-"]
[White "banong"]
[Black "sythymesnos"]
[Result "0-1"]
[WhiteCountry "PHI"]
[BlackCountry "FRA"]
[WhiteElo "1634"]
[WhiteRD "67"]
[BlackElo "1715"]
[BlackRD "72"]
[GameID "67968"]

1. d4 f5 2. c4 Nf6 3. e3 e6 4. Nf3 c5 5. Nc3 d5 6. cxd5 Nxd5 7. Ne5 Nf6 8. e4 cxd4 9. Ne2 Nxe4 10. Ng3 Qa5+
11. Bd2 Qxe5 12. Be2 Nxg3 13. fxg3 d3 14. Bc3 Qxe2+ 15. Qxe2 dxe2 16. Kxe2 Kf7 17. Rhd1 Bc5 18. Rd3 b6 19. Rad1 Ba6 20. a3 Bxd3+
21. Rxd3 a5
0-1

[Event "DUTCH TOURNOI Pour Mon Pote!"]
[Site "SchemingMind.com"]
[Date "2006.09.18"]
[Round "-"]
[White "banong"]
[Black "janeck"]
[Result "0-1"]
[WhiteCountry "PHI"]
[BlackCountry "FRA"]
[WhiteElo "1601"]
[WhiteRD "68"]
[BlackElo "1662"]
[BlackRD "72"]
[GameID "67969"]

1. d4 f5 2. Nf3 e6 3. e3 Nf6 4. c4 Be7 5. Nc3 O-O 6. Bd3 b6 7. O-O Bb7 8. e4 fxe4 9. Nxe4 Nxe4 10. Qc2 Nf6
11. Ng5 h6 12. Nh7 Nxh7 13. Bxh7+ Kh8 14. Be3 Bg5 15. f4 Bf6 16. Rf2 Nc6 17. Be4 d5 18. cxd5 exd5 19. Bf3 Nxd4 20. Qd2 Nxf3+
21. Rxf3 d4 22. Rh3 dxe3 23. Qe2 Qd2 24. Rxe3 Qxe2 25. Rxe2 Bd4+ 26. Kh1 Rxf4 27. Rae1 Raf8
0-1

[Event "DUTCH TOURNOI Pour Mon Pote!"]
[Site "SchemingMind.com"]
[Date "2006.09.18"]
[Round "-"]
[White "sythymesnos"]
[Black "banong"]
[Result "1-0"]
[WhiteCountry "FRA"]
[BlackCountry "PHI"]
[WhiteElo "1715"]
[WhiteRD "70"]
[BlackElo "1601"]
[BlackRD "68"]
[GameID "67970"]

1. d4 f5 2. c4 Nf6 3. Bg5 d6 4. Nc3 h6 5. Bh4 g5 6. Bg3 Nbd7 7. h3 Bg7 8. e4 fxe4 9. h4 b6 10. hxg5 hxg5
11. Rxh8+ Bxh8 12. Nxe4 c5 13. Nxg5 Nf8 14. d5 Ba6 15. Qa4+ N6d7 16. Qxa6 Bxb2 17. Rb1 Bc3+ 18. Kd1 e5 19. dxe6 Qxg5 20. exd7+ Nxd7
21. Nf3 Qf5 22. Rc1 Ba5 23. Bxd6 Qe6 24. Bg3 Rd8 25. Qb5 Kf8 26. Kc2 Nf6 27. Bd3 Ne4 28. Bh4 Rd7 29. Qb2 Nd6 30. Qh8+ Qg8
31. Qh6+ Qg7 32. Qxg7+ Rxg7 33. Bg3 Nf7 34. Rh1
1-0

[Event "DUTCH TOURNOI Pour Mon Pote!"]
[Site "SchemingMind.com"]
[Date "2006.09.18"]
[Round "-"]
[White "janeck"]
[Black "banong"]
[Result "1-0"]
[WhiteCountry "FRA"]
[BlackCountry "PHI"]
[WhiteElo "1690"]
[WhiteRD "73"]
[BlackElo "1559"]
[BlackRD "69"]
[GameID "67971"]

1. d4 f5 2. c4 Nf6 3. Nc3 e6 4. Qc2 Bb4 5. Nf3 Ne4 6. Be3 Nc6 7. a3 Be7 8. g3 Nxc3 9. Qxc3 O-O 10. Bg2 b6
11. d5 Bf6 12. Qc2 exd5 13. cxd5 Ne7 14. Rd1 Bb7 15. d6 cxd6 16. Rxd6 Rc8 17. Qd2 Bxb2 18. Qxb2 Qc7 19. Rd1 Ng6 20. O-O f4
21. Bd4 Rf7 22. Ng5 Re7 23. Qb3+ d5 24. Bh3 Rce8 25. Bg2 Rd8 26. Rfe1 fxg3 27. fxg3 Qd6 28. e4 Rde8 29. Bf2 Kh8 30. exd5 Rxe1+
31. Rxe1 Rxe1+ 32. Bxe1 Qc5+ 33. Bf2 Qc1+ 34. Bf1 Qxg5 35. d6 Qf5 36. Bg2 Bxg2 37. Kxg2 Qe4+ 38. Kg1 Qc6 39. Qe6 Nf8 40. Qe7 Kg8
41. Qc7 Qd7 42. Be3 h6 43. Bf4 Kf7 44. g4 Ke8 45. Kf2
1-0

[Event "DUTCH TOURNOI Pour Mon Pote!"]
[Site "SchemingMind.com"]
[Date "2006.09.18"]
[Round "-"]
[White "twotone"]
[Black "sythymesnos"]
[Result "0-1"]
[WhiteCountry "ENG"]
[BlackCountry "FRA"]
[WhiteElo "1392"]
[WhiteRD "67"]
[BlackElo "1715"]
[BlackRD "70"]
[GameID "67981"]

1. d4 f5 2. e3 Nf6 3. Bd3 e6 4. c4 Be7 5. Nf3 c5 6. Nc3 O-O 7. d5 exd5 8. cxd5 d6 9. O-O a6 10. Re1 b5
11. e4 fxe4 12. Nxe4 Bb7 13. Nc3 b4 14. Bxh7+ Nxh7 15. Nb1 Nd7 16. Re3 Nb6 17. Rd3 Nf6 18. a3 Nbxd5 19. axb4 Nxb4 20. Re3 Nfd5
21. Nc3 Nxe3 22. Bxe3 Qc8 23. Na4 Qg4 24. Ne1 Qxd1 25. Rxd1 Bc6 26. Nb6 Rad8 27. b3 d5 28. f3 d4 29. Bd2 a5 30. Na4 c4
31. bxc4 Bxa4 32. Ra1 Bb3 33. Rxa5 Bxc4 34. Ra4 Rb8 35. Ra7 Bc5 36. Rc7 Rfc8 37. Re7 Bxe7
0-1

[Event "DUTCH TOURNOI Pour Mon Pote!"]
[Site "SchemingMind.com"]
[Date "2006.09.18"]
[Round "-"]
[White "twotone"]
[Black "janeck"]
[Result "1-0"]
[WhiteCountry "ENG"]
[BlackCountry "FRA"]
[WhiteElo "1392"]
[WhiteRD "67"]
[BlackElo "1662"]
[BlackRD "72"]
[GameID "67982"]

1. d4 f5 2. e3 e6 3. c4 Nf6 4. Nc3 Nc6 5. a3 Be7 6. d5 exd5 7. cxd5 Ne5 8. f4 Ng6 9. Bd3 d6 10. Nf3 O-O
11. e4 fxe4 12. Nxe4 Bg4 13. O-O Kh8 14. Qb3 b6 15. Nd4 Nxe4 16. Bxe4 Bf6 17. Be3 Bxd4 18. Bxd4 Rxf4 19. Qe3 Rxf1+ 20. Rxf1 Qe7
21. h3 Bd7 22. Bxg6 Qxe3+ 23. Bxe3 hxg6 24. Rf7 Bb5 25. Rxc7 Rf8 26. Rxa7 Rf1+ 27. Kh2 Rd1 28. Bxb6 Rd2 29. b4 Bf1 30. Rd7 Bxg2
31. Rxd6 Be4+ 32. Kg3 Rd3+ 33. Kf4 Bf5 34. Rd8+ Kh7 35. d6 Bxh3 36. a4 Rd5 37. Kg3 Bf5 38. Kf4 Rd1 39. Bc5 Rf1+ 40. Ke5 g5
41. a5 g4 42. a6 g3 43. a7
1-0

[Event "DUTCH TOURNOI Pour Mon Pote!"]
[Site "SchemingMind.com"]
[Date "2006.09.18"]
[Round "-"]
[White "twotone"]
[Black "banong"]
[Result "0-1"]
[WhiteCountry "ENG"]
[BlackCountry "PHI"]
[WhiteElo "1392"]
[WhiteRD "59"]
[BlackElo "1559"]
[BlackRD "69"]
[GameID "67983"]

1. d4 f5 2. e3 Nf6 3. Bd3 d6 4. c4 g6 5. Nc3 Bg7 6. Nf3 O-O 7. O-O Nc6 8. Qb3 e6 9. Ng5 Qe7 10. Ne2 Kh8
11. Nf4 e5 12. Nd5 Nxd5 13. cxd5 Nd8 14. f4 e4 15. Bc4 a6 16. a4 b6 17. a5 b5 18. Be2 h6 19. Nh3 Bb7 20. Qa2 Qf7
21. b4 Bxd5 22. Qc2 Bc4 23. Ra3 d5 24. Nf2 Ne6 25. Nd1 c6 26. Nb2 h5 27. h4 Qe7 28. Bd2 Bxe2 29. Rf2 Bc4 30. Rc3 Kh7
31. g3 Kh6 32. Nxc4 dxc4 33. Kf1 c5 34. Ra3 cxb4 35. Ra1 Rac8 36. Rb1 c3 37. Be1 Nc7 38. Rd1 Nd5 39. Qb3 Nxe3+ 40. Ke2 Nxd1
41. Kxd1 Bxd4 42. Rc2 Rfd8 43. Kc1 Be3+ 44. Kb1 Rd1+ 45. Ka2 Rxe1 46. Qd5 Rd8 47. Qe5 b3+ 48. Kxb3 Rb1+ 49. Ka2 Ra1+ 50. Kxa1 Qa3+
51. Kb1 Rd1+ 52. Rc1 Qb2#
0-1

[Event "DUTCH TOURNOI Pour Mon Pote!"]
[Site "SchemingMind.com"]
[Date "2006.09.18"]
[Round "-"]
[White "sythymesnos"]
[Black "twotone"]
[Result "1-0"]
[WhiteCountry "FRA"]
[BlackCountry "ENG"]
[WhiteElo "1715"]
[WhiteRD "70"]
[BlackElo "1392"]
[BlackRD "67"]
[GameID "67984"]

1. d4 f5 2. c4 Nf6 3. Nc3 e6 4. e4 fxe4 5. Bg5 Be7 6. Bxf6 Bxf6 7. Nxe4 O-O 8. Nxf6+ Qxf6 9. Nf3 b6 10. Be2 Bb7
11. O-O Na6 12. Ne5 Qg5 13. f3 d6 14. Ng4 Nb4 15. Qb3 Na6 16. c5 d5 17. c6 Bc8 18. Qa3 Nb8 19. Bb5 a6 20. Rac1 Qd2
21. Rcd1 Qa5 22. Qxa5 bxa5 23. Ba4 Rd8 24. Ne5 Rd6 25. Kf2 Kf8 26. Kg3 Ke7 27. h4 Rd8 28. Kf4 Rf8+ 29. Ke3 Kd6 30. g4 Rf6
31. g5 Rf5 32. Rg1 g6 33. Rc1 Rxe5+ 34. dxe5+ Kxe5 35. f4+ Kd6 36. Kd4 Ra7 37. Rc3 Ra8 38. Rh1 Ke7 39. Ke5 Ra7 40. h5 Kf7
41. hxg6+ Kxg6 42. Bc2+ Kf7 43. Rxh7+ Ke8 44. g6 Kf8 45. Kf6 Kg8 46. g7 d4 47. Rh8#
1-0

[Event "DUTCH TOURNOI Pour Mon Pote!"]
[Site "SchemingMind.com"]
[Date "2006.09.18"]
[Round "-"]
[White "janeck"]
[Black "twotone"]
[Result "1-0"]
[WhiteCountry "FRA"]
[BlackCountry "ENG"]
[WhiteElo "1632"]
[WhiteRD "69"]
[BlackElo "1419"]
[BlackRD "66"]
[GameID "67985"]

1. d4 f5 2. c4 Nf6 3. Nc3 e6 4. Qc2 Be7 5. e4 fxe4 6. Nxe4 d5 7. cxd5 Qxd5 8. Nxf6+ gxf6 9. Nf3 Bb4+ 10. Bd2 Bxd2+
11. Qxd2 Nc6 12. Be2 Bd7 13. O-O O-O-O 14. Rfd1 Qf5 15. b4 Ne7 16. a4 h5 17. b5 Nd5 18. Rac1 b6 19. Rc4 Rh7 20. Nh4 Qe4
21. Nf3 Rg7 22. Rdc1 Be8 23. Qd3 Qxd3 24. Bxd3 Nf4 25. Bf1 e5 26. dxe5 fxe5 27. Nxe5 h4 28. Rxf4 h3 29. g3 Rh7 30. Nf3 Bd7
31. Ng5 Rh5 32. Nf7 Rf8 33. Nd6+ Kb8 34. Rxf8+
1-0

[Event "DUTCH TOURNOI Pour Mon Pote!"]
[Site "SchemingMind.com"]
[Date "2006.09.18"]
[Round "-"]
[White "banong"]
[Black "twotone"]
[Result "1-0"]
[WhiteCountry "PHI"]
[BlackCountry "ENG"]
[WhiteElo "1601"]
[WhiteRD "68"]
[BlackElo "1392"]
[BlackRD "67"]
[GameID "67986"]

1. d4 f5 2. c4 Nf6 3. e3 c6 4. Nf3 d6 5. Nc3 e6 6. Bd3 Be7 7. O-O O-O 8. Qc2 d5 9. Ne5 Nbd7 10. f4 Nxe5
11. fxe5 Nd7 12. Bd2 Bg5 13. Rf3 b6 14. Raf1 Bb7 15. cxd5 cxd5 16. g4 fxg4 17. Bxh7+ Kh8 18. Rg3 Rxf1+ 19. Kxf1 Qf8+ 20. Kg2 Qe7
21. Rxg4 Nf8 22. Bg6 Bh6 23. e4 Nxg6 24. Rxg6 dxe4 25. Bxh6 e3+ 26. Kg1 Rg8 27. Bxe3 Qh4 28. Rg3 Rc8 29. Qg6 Rg8 30. Ne4 Bxe4
31. Qxe6 Bb1 32. Rh3 Qh7 33. Rxh7+ Bxh7 34. d5 Be4 35. d6 Bc6 36. Qxg8+ Kxg8 37. e6
1-0

[Event "DUTCH TOURNOI Pour Mon Pote!"]
[Site "SchemingMind.com"]
[Date "2006.09.18"]
[Round "-"]
[White "Coloplast"]
[Black "sythymesnos"]
[Result "1-0"]
[WhiteCountry "SWE"]
[BlackCountry "FRA"]
[WhiteElo "1921"]
[WhiteRD "94"]
[BlackElo "1715"]
[BlackRD "72"]
[GameID "68000"]

1. d4 f5 2. e4 fxe4 3. Nc3 d5 4. Qh5+ g6 5. Qxd5 Qxd5 6. Nxd5 Kd7 7. Bf4 c6 8. Nc7 Bh6 9. Bxh6 Nxh6 10. Nxa8 b5
11. a4 b4 12. a5 Bb7 13. Nb6+ axb6 14. axb6 Nf5 15. c3 bxc3 16. bxc3 Kc8 17. g4 Nd6 18. Nh3 Nd7 19. c4 c5 20. dxc5 Nxc5
21. Be2 Kd7 22. O-O h5 23. Nf4 Rh6 24. g5 Rh7 25. Nxg6 Rg7 26. Bxh5 e6 27. Ne5+ Kc8 28. g6 Nf5 29. Bg4 Nh6 30. f3 Nxg4
31. fxg4 Kd8 32. Rf7 Rg8 33. Ra7
1-0

[Event "DUTCH TOURNOI Pour Mon Pote!"]
[Site "SchemingMind.com"]
[Date "2006.09.18"]
[Round "-"]
[White "Coloplast"]
[Black "janeck"]
[Result "1/2-1/2"]
[WhiteCountry "SWE"]
[BlackCountry "FRA"]
[WhiteElo "1976"]
[WhiteRD "83"]
[BlackElo "1662"]
[BlackRD "72"]
[GameID "68001"]

1. d4 f5 2. c4 e6 3. Nc3 Nf6 4. Nf3 Bb4 5. Bd2 O-O 6. a3 Be7 7. e3 b6 8. g3 Bb7 9. Bg2 Ne4 10. O-O d6
11. Qc2 Nd7 12. b4 c5 13. bxc5 dxc5 14. a4 Rc8 15. Nxe4 fxe4 16. Ne5 cxd4 17. exd4 Nxe5 18. dxe5 Ba6 19. Rfe1 Rxc4 20. Qb2 Rd4
21. Bc3 Rc4 22. Rxe4 Rxe4 23. Bxe4 Bc5 24. Ra2 Bxf2+ 25. Qxf2 Rxf2 26. Rxf2 Qd1+ 27. Kg2 Qxa4 28. Bf3 Qc4 29. Bb2 h6 30. Ba3 g5
31. Bd6 Kg7 32. Bh5 Bb7+ 33. Kh3 Be4 34. Rf7+ Kg8 35. Rf8+ Kg7 36. Rf7+ Kg8 37. Rf8+ Kg7=
1/2-1/2

[Event "DUTCH TOURNOI Pour Mon Pote!"]
[Site "SchemingMind.com"]
[Date "2006.09.18"]
[Round "-"]
[White "Coloplast"]
[Black "twotone"]
[Result "1-0"]
[WhiteCountry "SWE"]
[BlackCountry "ENG"]
[WhiteElo "1921"]
[WhiteRD "94"]
[BlackElo "1419"]
[BlackRD "66"]
[GameID "68002"]

1. d4 f5 2. e4 fxe4 3. Nc3 Nf6 4. f3 d5 5. Bf4 Bf5 6. g4 Bg6 7. g5 Nh5 8. Be5 Nc6 9. Bb5 e6 10. f4 h6
11. Qg4 Qe7 12. h4 Qf7 13. Nge2 Bf5 14. Qg2 O-O-O 15. Bxc6 bxc6 16. Na4 Bd6 17. Nc5 Bxc5 18. dxc5 Rhf8 19. Rf1 e3 20. Nd4 Qd7
21. Qe2 Ng3 22. Qa6+ Kb8 23. Nxc6+
1-0

[Event "DUTCH TOURNOI Pour Mon Pote!"]
[Site "SchemingMind.com"]
[Date "2006.09.18"]
[Round "-"]
[White "Coloplast"]
[Black "banong"]
[Result "1-0"]
[WhiteCountry "SWE"]
[BlackCountry "PHI"]
[WhiteElo "1976"]
[WhiteRD "83"]
[BlackElo "1601"]
[BlackRD "68"]
[GameID "68003"]

1. d4 f5 2. c4 Nf6 3. Nc3 e6 4. Nf3 Bb4 5. Qc2 O-O 6. Bf4 Nc6 7. e3 Ne4 8. Bd3 d5 9. cxd5 exd5 10. Ne5 Qh4
11. Bxe4 fxe4 12. Nxc6 bxc6 13. Qa4 Bxc3+ 14. bxc3 Bd7 15. Bg3 Qf6 16. Rb1 Rab8 17. O-O Rxb1 18. Rxb1 h5 19. h4 g5 20. hxg5 Qxg5
21. Qxa7 h4 22. Bf4 Qg4 23. Qa6 h3 24. Qf1 Kf7 25. f3 exf3 26. Qxf3 Qg6 27. Rb2 Rg8 28. g3 Bg4 29. Qf2 Qe4 30. Bxc7+ Ke6
31. Kh2 Bf3 32. Bf4 Bg2 33. Rb6 Rc8 34. a4 Qf5 35. a5 Ra8 36. Rxc6+ Kd7 37. Rd6+ Kc8 38. a6 Qb1 39. g4 Qh1+ 40. Kg3 h2
41. Qxg2 Qg1 42. Rh6 Rxa6 43. Rxh2 Qe1+ 44. Qf2 Qxf2+ 45. Rxf2 Ra3 46. Rc2
1-0

[Event "DUTCH TOURNOI Pour Mon Pote!"]
[Site "SchemingMind.com"]
[Date "2006.09.18"]
[Round "-"]
[White "sythymesnos"]
[Black "Coloplast"]
[Result "0-1"]
[WhiteCountry "FRA"]
[BlackCountry "SWE"]
[WhiteElo "1715"]
[WhiteRD "72"]
[BlackElo "1921"]
[BlackRD "94"]
[GameID "68004"]

1. d4 f5 2. Bg5 Nf6 3. Nc3 g6 4. e4 Nxe4 5. Nxe4 fxe4 6. h4 h6 7. Bf4 d5 8. Be5 Rh7 9. h5 g5 10. f4 Bg7
11. Bxg7 Rxg7 12. fxg5 Rxg5 13. Nh3 Bg4 14. Qd2 Rxh5 15. Nf2 Rxh1 16. Nxh1 Qd6 17. Be2 Bxe2 18. Qxe2 Nc6 19. Qh5+ Kd7 20. Qf5+ Qe6
21. Qxe6+ Kxe6 22. O-O-O Rg8 23. g3 Kf5 24. c3 e5 25. dxe5 Kxe5
0-1

[Event "DUTCH TOURNOI Pour Mon Pote!"]
[Site "SchemingMind.com"]
[Date "2006.09.18"]
[Round "-"]
[White "janeck"]
[Black "Coloplast"]
[Result "0-1"]
[WhiteCountry "FRA"]
[BlackCountry "SWE"]
[WhiteElo "1632"]
[WhiteRD "69"]
[BlackElo "1921"]
[BlackRD "94"]
[GameID "68005"]

1. d4 f5 2. c4 Nf6 3. Nc3 e6 4. Qc2 Be7 5. e4 fxe4 6. Nxe4 b6 7. Nxf6+ Bxf6 8. Be3 Bb7 9. Nf3 O-O 10. Bd3 h6
11. Be2 Nc6 12. a3 Ne7 13. O-O Nf5 14. Rfe1 d5 15. c5 bxc5 16. Qxc5 Qd6 17. Rac1 c6 18. Bd3 Qxc5 19. Rxc5 Nxe3 20. fxe3 Be7
21. Rcc1 Rac8 22. Ne5 Bd6 23. Nd7 Rf7 24. Ne5 Bxe5 25. dxe5 c5 26. Bg6 Rff8 27. Rf1 c4 28. h4 Bc6 29. h5 Rxf1+ 30. Rxf1 Be8
31. Rc1 Kf8 32. Kf2 Ke7 33. Ke2 Bxg6 34. hxg6 Rb8 35. Rc2 Rb3 36. g4 Kd7 37. Kf3 Kc6 38. Ke2 Rb8 39. Kf3 Rf8+ 40. Kg3 Kc5
41. b4+ Kb5 42. Rc3 a5 43. bxa5 Kxa5 44. Kh4 Kb5 45. g5 hxg5+ 46. Kxg5 Rf5+ 47. Kg4 Rxe5 48. Kf4 Rf5+ 49. Kg4 Kc5 50. Rc1 d4
51. exd4+ Kxd4 52. Re1 Rf6 53. a4 Rxg6+ 54. Kf4 Rf6+ 55. Kg5 e5 56. a5 c3 57. Rd1+ Kc4 58. Rd7 c2 59. Rc7+ Kd3 60. Rd7+ Ke3
61. Rc7 Kd2 62. Rd7+ Kc1 63. Rxg7 Rc6 64. Kf5 Kb2 65. Rg2 Kb1 66. Rxc2 Kxc2 67. Kxe5 Ra6
0-1

[Event "DUTCH TOURNOI Pour Mon Pote!"]
[Site "SchemingMind.com"]
[Date "2006.09.18"]
[Round "-"]
[White "twotone"]
[Black "Coloplast"]
[Result "0-1"]
[WhiteCountry "ENG"]
[BlackCountry "SWE"]
[WhiteElo "1419"]
[WhiteRD "66"]
[BlackElo "1921"]
[BlackRD "94"]
[GameID "68006"]

1. d4 f5 2. e3 Nf6 3. Bd3 g6 4. c4 d6 5. Nc3 Bg7 6. Nge2 e5 7. b4 e4 8. Bc2 d5 9. c5 O-O 10. O-O b6
11. a4 a5 12. Na2 axb4 13. Nxb4 bxc5 14. dxc5 Ba6 15. Nxa6 Nxa6 16. Nf4 Re8 17. f3 Nxc5 18. a5 c6 19. Bd2 Ne6 20. a6 Nxf4
21. exf4 Qb6+ 22. Kh1 Rxa6 23. Rb1 Qc7 24. Qe2 Rea8 25. fxe4 Nxe4 26. Bb4 c5 27. Bd2 Ra2 28. Rbc1 Rb2 29. Bxe4 fxe4 30. Rfd1 Raa2
31. Qf2 d4 32. Qe2 e3 33. Qc4+ Kf8 34. Be1 Rxg2 35. Bg3 Rxh2+ 36. Bxh2 Qc6+ 37. Kg1 Qg2#
0-1

[Event "DUTCH TOURNOI Pour Mon Pote!"]
[Site "SchemingMind.com"]
[Date "2006.09.18"]
[Round "-"]
[White "banong"]
[Black "Coloplast"]
[Result "0-1"]
[WhiteCountry "PHI"]
[BlackCountry "SWE"]
[WhiteElo "1634"]
[WhiteRD "67"]
[BlackElo "1921"]
[BlackRD "94"]
[GameID "68007"]

1. d4 f5 2. c4 Nf6 3. e3 g6 4. Nf3 Bg7 5. Be2 O-O 6. O-O d6 7. Qb3 Kh8 8. Nc3 Nbd7 9. Ng5 Nb6 10. c5 h6
11. Nf7+ Rxf7 12. Qxf7 dxc5 13. dxc5 Nbd7 14. Rd1 Kh7 15. b4 Qf8 16. Qc4 Ne5 17. Qf4 Nc6 18. a3 Ne4 19. Nxe4 Bxa1 20. Ng3 Be5
21. Qh4 Be6 22. f4 Bf6 23. Qh3 Rd8 24. Rxd8 Qxd8 25. e4 Qd4+ 26. Kf1 Qa1 27. exf5 Qxc1+ 28. Kf2 Bd4+ 29. Kf3 Qe3+ 30. Kg4 h5+
0-1

[Event "DUTCH TOURNOI Pour Mon Pote!"]
[Site "SchemingMind.com"]
[Date "2006.09.18"]
[Round "-"]
[White "Ursus"]
[Black "sythymesnos"]
[Result "1-0"]
[WhiteCountry "INT"]
[BlackCountry "FRA"]
[WhiteElo "1732"]
[WhiteRD "69"]
[BlackElo "1715"]
[BlackRD "72"]
[GameID "68078"]

1. d4 f5 2. Bg5 h6 3. Bh4 g5 4. e3 Nf6 5. Bg3 e6 6. Nc3 Bb4 7. Qd3 b6 8. a3 Be7 9. Be2 Bb7 10. Bf3 Bxf3
11. Nxf3 Nc6 12. Ne5 Nxe5 13. dxe5 Nh5 14. f4 Nxg3 15. hxg3 g4 16. Rh5 Kf7 17. O-O-O d6 18. Qc4 d5 19. Nxd5 Kg6 20. Qc6 Kxh5
21. Qxe6 Qf8 22. Rh1+ Bh4 23. Rxh4#
1-0

[Event "DUTCH TOURNOI Pour Mon Pote!"]
[Site "SchemingMind.com"]
[Date "2006.09.18"]
[Round "-"]
[White "Ursus"]
[Black "twotone"]
[Result "1-0"]
[WhiteCountry "INT"]
[BlackCountry "ENG"]
[WhiteElo "1709"]
[WhiteRD "62"]
[BlackElo "1392"]
[BlackRD "67"]
[GameID "68080"]

1. d4 f5 2. g4 fxg4 3. Qd3 Nf6 4. h3 d5 5. hxg4 Bxg4 6. Bh3 Bh5 7. Qb5+ Nc6 8. Qxb7 Nxd4 9. Na3 Ne4 10. c3 Nc5
11. Qb4 e5 12. Qa5 Nc6 13. Qb5 Qf6 14. Bg5 Qd6 15. e4 Nxe4 16. Be3 Rb8 17. Qa6 Rxb2 18. Qc8+= Nd8 19. Bf5 Nxc3 20. Rxh5 Nxa2
21. Rxh7 Rg8 22. Bc5 Qc6 23. Bxf8= Qc3+ 24. Kf1 Rxf2+ 25. Kxf2 Qd4+ 26. Kg2 Qb2+ 27. Kh1 Kxf8 28. Qxd8+ Kf7 29. Qxd5+ Kf6 30. Qe6+ Kg5
31. Qg6+ Kf4 32. Qg4+ Ke3 33. Rh3+ Kf2 34. Qf3#
1-0

[Event "DUTCH TOURNOI Pour Mon Pote!"]
[Site "SchemingMind.com"]
[Date "2006.09.18"]
[Round "-"]
[White "Ursus"]
[Black "banong"]
[Result "1-0"]
[WhiteCountry "INT"]
[BlackCountry "PHI"]
[WhiteElo "1709"]
[WhiteRD "62"]
[BlackElo "1601"]
[BlackRD "68"]
[GameID "68081"]

1. d4 f5 2. g4 fxg4 3. e4 d6 4. Nc3 Nf6 5. h3 g6 6. hxg4 Bxg4 7. Be2 Bxe2 8. Qxe2 Bg7 9. Bh6 Bxh6 10. Rxh6 Nc6
11. O-O-O Nh5 12. e5 e6 13. d5 Nxe5 14. dxe6 Qe7 15. Nd5 Qg5+ 16. Qd2 Nd3+ 17. cxd3 Qxd5 18. Qc3 Qxe6 19. Qxh8+ Kd7 20. Rxh7+ Kc6
21. Qxa8 Qxa2 22. Qe8+ Kb6 23. Qe3+ c5 24. Ne2 Qa1+ 25. Kd2 Qxb2+ 26. Ke1 Qb4+ 27. Kf1 Qh4 28. Rb1+ Ka6 29. Ra1+ Kb6 30. Ng1 a6
31. Rb1+ Kc6 32. Qe8+ Kd5 33. Qf7+ Kd4 34. Qc4+
1-0

[Event "DUTCH TOURNOI Pour Mon Pote!"]
[Site "SchemingMind.com"]
[Date "2006.09.18"]
[Round "-"]
[White "Ursus"]
[Black "Coloplast"]
[Result "0-1"]
[WhiteCountry "INT"]
[BlackCountry "SWE"]
[WhiteElo "1732"]
[WhiteRD "69"]
[BlackElo "1921"]
[BlackRD "94"]
[GameID "68082"]

1. d4 f5 2. Nc3 Nf6 3. Bg5 g6 4. Bxf6 exf6 5. e3 d5 6. Bd3 c6 7. Qf3 Bd6 8. h3 O-O 9. O-O-O Be6 10. h4 Kg7
11. h5 Nd7 12. hxg6 hxg6 13. Nge2 Qe7 14. Rh4 Rh8 15. Rdh1 Rxh4 16. Rxh4 Rh8 17. Rxh8 Kxh8 18. a3 Qh7 19. Qh3 Qxh3 20. gxh3 Kg7
21. b4 f4 22. Nxf4 Bxf4 23. exf4 Bxh3 24. Kd2 Nb6 25. a4 a6 26. b5 axb5 27. axb5 Bd7 28. bxc6 bxc6 29. Ne2 Kh6 30. Ng3 Na4
31. c4 Nb2= 32. c5 Nxd3 33. Kxd3 g5 34. f5 g4 35. Kc3= Kg5 36. Kb4 Bxf5 37. Ka5 Bd3 38. Kb6 Bb5 39. Ne2 Bxe2 40. Kxc6 Bc4
41. Kd6 f5 42. c6 f4 43. c7 Ba6 44. Kxd5 g3
0-1

[Event "DUTCH TOURNOI Pour Mon Pote!"]
[Site "SchemingMind.com"]
[Date "2006.09.18"]
[Round "-"]
[White "sythymesnos"]
[Black "Ursus"]
[Result "1/2-1/2"]
[WhiteCountry "FRA"]
[BlackCountry "INT"]
[WhiteElo "1715"]
[WhiteRD "72"]
[BlackElo "1732"]
[BlackRD "69"]
[GameID "68083"]

1. d4 f5 2. c4 Nf6 3. Nc3 d6 4. Bg5 g6 5. e4 Bg7 6. exf5 Bxf5 7. Qb3 Qc8 8. Nf3 Nbd7 9. Nh4 Be6 10. d5 Bf7
11. Be2 Nc5 12. Qb5+ Qd7 13. O-O c6 14. dxc6 bxc6 15. Qb4 O-O 16. Rad1 Rab8 17. Qa3 Ne6 18. Be3 Rb7 19. c5 d5 20. Nf3 Ng4
21. Bc1 Kh8 22. Ba6 Rbb8 23. Rfe1 Qc7 24. h3 Nxf2=
1/2-1/2

[Event "DUTCH TOURNOI Pour Mon Pote!"]
[Site "SchemingMind.com"]
[Date "2006.09.18"]
[Round "-"]
[White "janeck"]
[Black "Ursus"]
[Result "1/2-1/2"]
[WhiteCountry "FRA"]
[BlackCountry "INT"]
[WhiteElo "1690"]
[WhiteRD "73"]
[BlackElo "1680"]
[BlackRD "65"]
[GameID "68084"]

1. d4 f5 2. c4 Nf6 3. Nc3 g6 4. Qc2 Bg7 5. Nf3 O-O 6. e4 d6 7. Bd3 fxe4 8. Nxe4 Nxe4 9. Bxe4 Nc6 10. Bxc6 bxc6
11. O-O Bg4 12. Ng5 Bf5 13. Qc3 Bf6 14. Qe3 Qc8 15. Re1 e5 16. dxe5 Bxe5 17. Nf3 Bg7 18. Qg5 Bf6 19. Qh6 Rb8 20. Bg5 Bg7
21. Qh4 Rxb2 22. Bh6 Bf6 23. Bg5 Bc3 24. Re7 Bg7 25. Bh6 Bf6 26. Rg7+ Bxg7 27. Bxg7 Qb8 28. Bxb2 Qxb2 29. Re1 Rf7 30. Ng5 Re7
31. Rf1 Bd3 32. Rd1 Qd2 33. Qxh7+ Rxh7 34. Rxd2 Re7 35. h4 Re1+ 36. Kh2 Bxc4 37. Nf3 Ra1 38. Nd4 Bd5 39. Kg3 c5 40. Nb5 c6
41. Nxd6 Rxa2 42. Rd1 Kf8 43. Nb7 c4 44. Rc1 Ke7 45. Re1+ Kd7 46. Nc5+ Kd6 47. Ne4+ Kc7 48. Nc3 a5 49. Nxa2 Kb6 50. Nc3 Kc5
51. Re5 Kd4 52. Rg5 Kxc3 53. Rxg6 a4 54. Rg7 a3 55. Ra7 Kb2 56. h5 a2 57. h6 Bg8 58. f4 a1=Q 59. Rxa1 Kxa1 60. f5 c3
61. f6 c2 62. f7 Bxf7 63. h7 c1=Q 64. h8=Q+ Qb2 65. Qa8+ Ba2 66. Qxc6 Qe5+=
1/2-1/2